Το φοιτητικό κίνημα : 1923-1928

Αποθηκεύτηκε σε:
Λεπτομέρειες βιβλιογραφικής εγγραφής
Κύριος συγγραφέας: Φλούντζης, Αντώνης Ι. 1906-
Μορφή: Βιβλίο
Γλώσσα:Greek
Δημοσίευση: Αθήνα : Κέδρος, 1983
Θέματα:
Ετικέτες: Προσθήκη ετικέτας
Δεν υπάρχουν, Καταχωρήστε ετικέτα πρώτοι!

MARC

LEADER 00000nam a2200000 i 4500
001 1/104765
008 950606s1983 gre d
035 |a 1986  |c Αγορά  |l 10013387 
035 |a 1987  |c Αγορά 
040 |a GR-MY-UA  |b gre  |e aacr 
041 0 |a gre 
082 0 |a 371.8109495 
100 1 |a Φλούντζης, Αντώνης Ι.  |d 1906- 
245 1 3 |a Το φοιτητικό κίνημα :  |b 1923-1928 /  |c Αντώνης Φλούντζης 
260 |a Αθήνα :   |b Κέδρος,   |c 1983 
300 |a 451 σ.  |b εικ. 
650 0 0 |a Student movements  |z Greece. 
650 0 0 |a Students  |z Greece  |x Political activity. 
650 0 0 |a Youth movement  |z Greece. 
852 |a INST  |b LESVOS  |e 19950606  |h 371.8109495 ΦΛΟ  |p 005100003972  |q 005100003972  |t BK  |y 0 
852 |a INST  |b RHODES  |e 19960712  |h 371.8109495 ΦΛΟ  |p 005400004216  |q 005400004216  |t BK  |y 0 
852 |a INST  |b RHODES  |e 19960712  |h 371.8109495 ΦΛΟ  |p 005400004217  |q 005400004217  |t BK  |y 0 
909 |a Λ  |b 006226 
909 |a Ρ  |b 003424  |c 1986 
909 |a Ρ  |b 006231  |c 1987